| 000 | 01361nam0a2200337 i 4500 | ||
|---|---|---|---|
| 001 | RU\NLR\bibl\1932711 | ||
| 005 | 20260406043741.0 | ||
| 010 |
_a9785768024307 _9500 |
||
| 021 |
_aRU _b2012-53430 _93897 |
||
| 035 | _a(nilc)RSL-KNO-005469799 | ||
| 035 | _a(NLR Aleph) 001922056 | ||
| 090 |
_a3319721 _c3319721 |
||
| 100 | _a20120723d2012 u y0rusy50 ca | ||
| 101 | 0 | _arus | |
| 102 | _aRU | ||
| 105 | _aa ||||||||| | ||
| 200 | 1 |
_aБез права на обжалование _eдокументальные очерки по материалам ЧК, ГПУ, НКВД, КГБ, ФСБ 1920-1940 гг. _fГумар Дзуев |
|
| 210 |
_aНальчик _cЭльбрус _d2012 |
||
| 215 |
_a188, [3] с. _cпортр. _d21 |
||
| 300 | _aВ конце кн. авт.: Г.К. Дзуев, судья Верхов. суда КБР | ||
| 606 | 1 |
_aРепрессии политические _yКабардино-Балкарская АССР _z1920 -1930-ые гг. _92138867 _3RU\NLR\auth\661593834 |
|
| 686 |
_aХ621.162.012,0 _2rubbk |
||
| 686 | _aТ3(2)7-3 | ||
| 686 | _aФ61(2)8 | ||
| 700 | 1 |
_4070 _7ca _8rus _aДзуев _bГ. К. _gГумар Кашифович _9113738 _3RU\NLR\auth\773746 |
|
| 801 | 0 |
_aRU _bRuMoRKP _c20120723 _grcr |
|
| 801 | 1 |
_aRU _bРГБ _c20120723 |
|
| 801 | 2 |
_aRU _bNLR _c20120808 _grcr |
|
| 942 | _cBOOK | ||
| 980 | _aNBR | ||